| 000 | 00426nam a2200169Ia 4500 | ||
|---|---|---|---|
| 003 | STCL | ||
| 008 | 181203s9999 xx 000 0 und d | ||
| 020 | _a9789380070148 | ||
| 040 |
_aSTCL _bEN _cSTCL |
||
| 082 | _222 | ||
| 100 | _aRahman, A. R.; Kabir, Nasreen Munni | ||
| 245 | 0 | _aA.R. Rahman: The spirit of music | |
| 260 |
_bOm Books International _aNoida _c2011 |
||
| 300 | _a131 | ||
| 546 | _aEnglish | ||
| 942 |
_2ddc _cBK |
||
| 999 |
_c83535 _d83535 |
||